000 00438nam a2200181Ia 4500
005 20240823042417.0
008 240823s9999||||xx |||||||||||||| ||und||
041 _aENGLISH
082 _A005.133 P1
100 _aRama Subramanian P
245 0 _aProgramming Languages C & C++
250 _a1st
260 _c2001
_bASMP Publica
500 _aTRANSFERED
650 _aC&C++
_bInformation Technology
942 _cBK
999 _c207801
_d207801